000 00422cam a2200181ua 4500
020 _c5.00
041 _ahin
_h
082 _a891.54
_bRAJ/SA
100 _aRajendra yadav, .
245 _aSara Akash /
_cRajendra yadav.
_hTextual Documents
250 _a1 /
_b.
260 _aDelhi :
_bRajkamal Prakash ,
_c1960.
300 _a265 ; .
365 _a5.00
504 _a
942 _cBK
999 _c6428
_d6428